Du gamla, du fria (Anthem of Sweden) Lyrics Quiz - Statistics

General Stats
  • This quiz has been taken 639 times
    638 since last reset
  • The average score is 35 of 48
Answer Stats
Answers % Correct
Du
100%
fria
99%
gamla
99%
nord
95%
Ja
89%
Jag
88%
jag
88%
fjällhöga
86%
tysta
86%
sköna
85%
84%
i
83%
leva
83%
Norden
83%
glädjerika
82%
vill
81%
jord
79%
Din
78%
himmel
77%
land
77%
var
76%
gröna
74%
är
73%
Dina
73%
sol
73%
och
72%
Dig
71%
71%
70%
hälsar
67%
uppå
66%
ängder
64%
da'r
63%
jorden
63%
vet
63%
minnen
62%
vad
62%
att
61%
fornstora
61%
från
61%
över
61%
Ditt
60%
flög
60%
tronar
60%
namn
59%
vänaste
57%
blir
56%
ärat
49%
No matching quizzes found
Score Distribution
Percent of People with Each Score
Percentile by Number Answered
Your Score History
You have not taken this quiz since the last reset